[Event "Muret Veterans op"]
[Site "Muret"]
[Date "2009.06.20"]
[Round "6"]
[White "Lecoultre, Patrick"]
[Black "Richard, Michel"]
[Result "1-0"]
[WhiteElo "1769"]
[BlackElo "1480"]
[PlyCount "83"]
[EventDate "2009.06.15"]
[EventType "swiss"]
[EventRounds "7"]
[EventCountry "FRA"]
[SourceTitle "EXT 2010"]
[Source "ChessBase"]
[SourceDate "2010.11.25"]
[SourceVersion "1"]
[SourceVersionDate "2010.11.25"]
[SourceQuality "1"]

1. d4 d5 2. c4 c6 3. Nf3 e6 4. e3 a6 5. cxd5 cxd5 6. Bd2 Nf6 7. Nc3 Bd7 8. Rc1 Nc6 9. Bd3 g6 10. 0-0 Bg7 11. Qb3 Na5 12. Qd1 Nc6 13. Re1 0-0 14. Na4 b6 15. Qb3 Rb8 16. Bxa6 Ra8 17. Bb5 Na5 18. Bxa5 Rxa5 19. Bxd7 Qxd7 20. Nc3 Rb8 21. Ne5 Qe8 22. Ne2 Rb5 23. Qc2 Ra5 24. Nc6 Rc8 25. Ne7+ Qxe7 26. Qxc8+ Bf8 27. a3 Ra7 28. Rc2 Ng4 29. g3 Qf6 30. Nf4 e5 31. Qxg4 exf4 32. Qxf4 Qxf4 33. gxf4 Kg7 34. Rec1 Bd6 35. Rc6 Bxa3 36. bxa3 Rxa3 37. Rxb6 Kh6 38. Rc7 f5 39. Rbb7 Kh5 40. Rxh7+ Kg4 41. Kg2 g5 42. h3# 1-0

[Event "Ouest Toulousain op-B 4th"]
[Site "Tournefeuille"]
[Date "2009.02.20"]
[Round "7"]
[White "Richard, Michel"]
[Black "Dahbi, Ahmed"]
[Result "0-1"]
[WhiteElo "1590"]
[BlackElo "1580"]
[PlyCount "30"]
[EventDate "2009.02.16"]
[EventType "swiss"]
[EventRounds "9"]
[EventCountry "FRA"]
[SourceTitle "CBM 128 Extra"]
[Source "ChessBase"]
[SourceDate "2009.03.05"]
[SourceVersion "2"]
[SourceVersionDate "2009.03.25"]
[SourceQuality "1"]

1. d4 d5 2. c4 e6 3. Nc3 Nf6 4. Bg5 c6 5. Nf3 Nbd7 6. e3 Bb4 7. a3 Bxc3+ 8. bxc3 dxc4 9. Bxc4 Qa5 10. Qb3 0-0 11. Ne5 Nxe5 12. Bxf6 Nxc4 13. Bxg7 Kxg7 14. Qxc4 Qd5 15. Kd2 Qxc4 0-1